000 00235nam a2200097Ia 4500
008 240331s9999 xx 000 0 und d
082 _bSEN
100 _aSenthamizhkothai,U
245 0 _aMakkal ariviyal ilalliyam nokkum pokkum
942 _cL
999 _c4642
_d4642